Holding her own / (Record no. 22889)
[ view plain ]
| 000 -LEADER | |
|---|---|
| fixed length control field | 01255cam a2200337 a 4500 |
| 001 - CONTROL NUMBER | |
| control field | 16105343 |
| 005 - DATE AND TIME OF LATEST TRANSACTION | |
| control field | 20170125094003.0 |
| 008 - FIXED-LENGTH DATA ELEMENTS--GENERAL INFORMATION | |
| fixed length control field | 100224s2009 gau 000 1 eng d |
| 010 ## - LIBRARY OF CONGRESS CONTROL NUMBER | |
| LC control number | 2010277054 |
| 020 ## - INTERNATIONAL STANDARD BOOK NUMBER | |
| International Standard Book Number | 9781605042855 (pbk.) |
| 020 ## - INTERNATIONAL STANDARD BOOK NUMBER | |
| International Standard Book Number | 1605042854 (pbk.) |
| 035 ## - SYSTEM CONTROL NUMBER | |
| System control number | (OCoLC)ocn418043441 |
| 042 ## - AUTHENTICATION CODE | |
| Authentication code | lccopycat |
| 043 ## - GEOGRAPHIC AREA CODE | |
| Geographic area code | n-us-la |
| 050 00 - LIBRARY OF CONGRESS CALL NUMBER | |
| Classification number | PS3618 .Y3358H65 2009 |
| 100 1# - MAIN ENTRY--PERSONAL NAME | |
| Personal name | Ryan, Marie-Nicole. |
| 245 10 - TITLE STATEMENT | |
| Title | Holding her own / |
| Statement of responsibility, etc. | Marie-Nicole Ryan. |
| 260 ## - PUBLICATION, DISTRIBUTION, ETC. (IMPRINT) | |
| Place of publication, distribution, etc. | Macon, GA : |
| Name of publisher, distributor, etc. | Samhain Pub., |
| Date of publication, distribution, etc. | c2009. |
| 300 ## - PHYSICAL DESCRIPTION | |
| Extent | 305 p. ; |
| Dimensions | 22 cm. |
| 500 ## - GENERAL NOTE | |
| General note | Both LC copies signed by author. |
| Institution to which field applies | DLC |
| 610 10 - SUBJECT ADDED ENTRY--CORPORATE NAME | |
| Corporate name or jurisdiction name as entry element | United States. |
| Subordinate unit | Federal Bureau of Investigation |
| Form subdivision | Fiction. |
| 650 #0 - SUBJECT ADDED ENTRY--TOPICAL TERM | |
| Topical term or geographic name as entry element | Undercover operations |
| Form subdivision | Fiction. |
| 651 #0 - SUBJECT ADDED ENTRY--GEOGRAPHIC NAME | |
| Geographic name | New Orleans (La.) |
| Form subdivision | Fiction. |
| 655 #7 - INDEX TERM--GENRE/FORM | |
| Genre/form data or focus term | Erotic fiction. |
| Source of term | gsafd |
| 655 #7 - INDEX TERM--GENRE/FORM | |
| Genre/form data or focus term | Romantic suspense fiction. |
| Source of term | gsafd |
| 942 ## - ADDED ENTRY ELEMENTS (KOHA) | |
| Source of classification or shelving scheme | |
| Koha item type | Hard Covered Materials |
| Withdrawn status | Lost status | Source of classification or shelving scheme | Damaged status | Not for loan | Home library | Current library | Shelving location | Date acquired | Source of acquisition | Total Checkouts | Full call number | Barcode | Date last seen | Price effective from | Koha item type |
|---|---|---|---|---|---|---|---|---|---|---|---|---|---|---|---|
| MACHAKOS UNIVERSITY LIBRARY | MACHAKOS UNIVERSITY LIBRARY | Open shelf | 25/01/2017 | Donation(BFA) | PS3618 .Y3358H65 2009 | 31034 | 25/01/2017 | 25/01/2017 | Hard Covered Materials |